| 000 | 01383nam a22002657a 4500 | ||
|---|---|---|---|
| 001 | 113833 | ||
| 003 | DR-UNIBE | ||
| 005 | 20250708152114.0 | ||
| 008 | 250707b2006 dr ||||| |||| 00| 0 spa d | ||
| 020 | _a9789945468656 | ||
| 040 |
_aBIBLIOTECA UNIBE _bspa _cBIBLIOTECA UNIBE _erda |
||
| 041 | _aspa | ||
| 082 |
_222 _aRD 372.7 T233am |
||
| 100 | 0 |
_aTaveras de Frías, Reyita _eautor _eeditor _9112251 |
|
| 245 | 1 | 0 |
_aAprendamos matemática: _bcuarto grado / _cReyita Taveras de Frías |
| 250 | _aPrimera edición | ||
| 260 |
_aSanto Domingo: _bAlfa y Omega, _c2006 |
||
| 300 |
_a 260 páginas : _bilustraciones a color : _c27 x 21 cm |
||
| 500 | _aInformación sobre el autor al final de la obra, comentario de la misma en la contraportada | ||
| 504 | _aIncluye bibliografía | ||
| 505 | _aPresentación | Unidad 1. Conjunto de los números naturales | Unidad 2. Números ordinales | Unidad 3. Sistema de numeración romana | Unidad 4. Operaciones con números naturales | Unidad 5. Conjunto de los números enteros, operaciones con números enteros | Unidad 6. Las fracciones | Unidad 7. Las medidas | Unidad 8. Geometría | Unidad 9. Nociones de estadísticas | Unidad 10. Nociones de probabilidades | ||
| 650 | 7 |
_a Matemática _xEnseñanza _xEducación primaria _9197175 |
|
| 710 | 1 | 0 |
_aEditora Alfa y Omega _9197045 _ediseñador _ediagramador |
| 942 |
_2ddc _cBK |
||
| 999 |
_c113833 _d113833 |
||